CORTIS - Chansons en émojis - Statistiques

Statistiques générales
  • Ce quiz a été pris 30 fois
  • Le résultat moyen est 7 sur 8
Statistiques - réponses
Émojis Chansons % Correct
❤️❤️ REDRED
100%
👚👕👖👗👠 Fashion
96%
🏃🏻‍➡️ Go!
96%
💙👄 Blue Lips
87%
🫐🇧🇷 ACAI
83%
🧨 TNT
83%
😁🚗 Joyride
78%
🪈🎶😴 Lullaby
78%
Aucun quiz correspondant
Distribution des résultats
% des personnes avec chaque résultat
Percentile par nombre de réponses
Votre historique - résultats
Vous n’avez pas pris ce quiz